30 Jahre Deutschlands "9er" beim DFB - Statistiken

Allgemein
  • Dieses Quiz wurde 120 mal gespielt
  • Das Durchschnittsergebnis liegt bei 8 aus 23
Antwortstatistiken
Zeitraum Spielername % Korrekt
seit 21/22 Füllkrug
88%
07/08 Gomez
84%
17/18 - 22/23 Werner
60%
94/95 Klinsmann
58%
96/97 Klinsmann
58%
10/11 - 16/17 Schürrle
49%
96/97 Bierhoff
48%
00/01 Bierhoff
48%
08/09 Kuranyi
42%
09/10 - 10/11 Kießling
40%
08/09 Cacau
34%
00/01 - 01/02 Jancker
34%
16/17 Wagner
26%
93/94 Riedle
22%
04/05 - 05/06 Hanke
20%
07/08 Hanke
20%
01/02 Asamoah
19%
20/21 Volland
18%
95/96 Bobic
17%
02/03 - 04/05 Bobic
17%
08/09 Helmes
15%
16/17 Stindl
12%
97/98 - 99/00 Marschall
6%
Keine übereinstimmenden Quizze gefunden
Verteilung der Resultate
Anzahl Personen mit jedem Resultat
Perzentil nach korrekt beantworteten Fragen
Ihre Resultats-Entwicklung
Sie haben dieses Quiz noch nicht gespielt